000 01620cam a2200133 4500500
005 20260405085604.0
041 _afre
042 _adc
100 1 0 _aSauvin, Thierry
_eauthor
245 0 0 _aEntreprises et territoires : Des liaisons dangereuses ?
260 _bArmand Colin,
_c2015.
520 _aJamais le mot « compétitivité » n’a été si présent dans le langage des économistes et des politiques. Jamais l’entreprise n’a été autant mise en avant, en dépit des restructurations industrielles devenues aujourd’hui permanentes. Pour les collectivités territoriales, la question de l’attractivité des territoires est aujourd’hui cruciale… Face aux politiques d’attractivité traditionnelles qui se contentent de répondre aux besoins des entreprises, cet ouvrage vient rappeler que l’entreprise n’est pas un acteur anodin. Par ses différentes stratégies et organisations, elle inscrit les territoires dans des trajectoires de développement qui ne sont pas toujours choisies. Souvent négligée, l’empreinte territoriale de l’entreprise est une problématique que doivent prendre en considération les collectivités territoriales dans la définition de leurs politiques de développement local. L’auteur évoque ici une autre politique d’attractivité, fondée non à partir de l’entreprise mais du territoire, de ses besoins et de ses projets. Cette démarche vers une politique durable et sélective nécessite un engagement citoyen des acteurs.
856 4 1 _uhttps://shs.cairn.info/entreprises-et-territoires--9782200291501?lang=fr&redirect-ssocas=7080
999 _c2198761
_d2198761